| 000 | 00380cam a22001337a 4500 | ||
|---|---|---|---|
| 008 | 180718b1970 xxu||||| |||| 00| 0 eng d | ||
| 082 | _aC41 X485 D198 | ||
| 100 | _aDanelius,Hans | ||
| 245 |
_aHuman rights in Sweden _cBy Hans Danelius |
||
| 260 |
_aSweden _bThe Swedish Institute _c1970 |
||
| 300 | _a63p | ||
| 650 | _aCriminal procedure --Sweden | ||
| 650 | _aCivil rights --Sweden | ||
| 999 |
_c408993 _d408993 |
||